The experience of British investors in overseas commercial property (Record no. 90347)

MARC details
000 -LEADER
fixed length control field 01282cam a2200301 4500
001 - CONTROL NUMBER
control field ##B573
008 - FIXED-LENGTH DATA ELEMENTS--GENERAL INFORMATION
fixed length control field 090401t1986 xxu||||| |||| 00| 0 eng d
035 ## - SYSTEM CONTROL NUMBER
System control number (Sirsi) u36602
041 0# - LANGUAGE CODE
Language code of text/sound track or separate title eng
050 04 - LIBRARY OF CONGRESS CALL NUMBER
Classification number 332.6324091 $2 18
100 1# - MAIN ENTRY--PERSONAL NAME
Personal name Batho, Paul
245 04 - TITLE STATEMENT
Title The experience of British investors in overseas commercial property
260 ## - PUBLICATION, DISTRIBUTION, ETC.
Place of publication, distribution, etc. London
Name of publisher, distributor, etc. Jones Lang Wootton
Date of publication, distribution, etc. 1986
300 ## - PHYSICAL DESCRIPTION
Extent vi,119p.
Other physical details 8 leaves of plates : ill.
Dimensions 30cm.
520 ## - SUMMARY, ETC.
Summary, etc. Reports on the growing interest in direct investment in overseas property for income. It provides a background to the major markets in which investment has been made by examining the major features that affect the British investor. It also analyses the scale, direction and success of 40 years of British investment in order to predict future trends. The author was the winner of the Jones Lang Wootton Travelling Scholarship 1984/5.
650 24 - SUBJECT ADDED ENTRY--TOPICAL TERM
Topical term or geographic name entry element AUSTRALIA
650 24 - SUBJECT ADDED ENTRY--TOPICAL TERM
Topical term or geographic name entry element BELGIUM
650 24 - SUBJECT ADDED ENTRY--TOPICAL TERM
Topical term or geographic name entry element CANADA
650 24 - SUBJECT ADDED ENTRY--TOPICAL TERM
Topical term or geographic name entry element EIRE
650 24 - SUBJECT ADDED ENTRY--TOPICAL TERM
Topical term or geographic name entry element FRANCE
650 24 - SUBJECT ADDED ENTRY--TOPICAL TERM
Topical term or geographic name entry element JONES LANG WOOTTON TRAVELLING SCHOLARSHIP
650 24 - SUBJECT ADDED ENTRY--TOPICAL TERM
Topical term or geographic name entry element NETHERLANDS
650 24 - SUBJECT ADDED ENTRY--TOPICAL TERM
Topical term or geographic name entry element UNITED STATES
650 24 - SUBJECT ADDED ENTRY--TOPICAL TERM
Topical term or geographic name entry element FEDERAL REPUBLIC OF GERMANY
690 ## - LOCAL SUBJECT ADDED ENTRY--TOPICAL TERM (OCLC, RLIN)
Topical term or geographic name as entry element PROPERTY-INFRASTRUCTURE-INFRASTRUCTURE FINANCE AND INVESTMENT
942 ## - ADDED ENTRY ELEMENTS (KOHA)
Suppress in OPAC 0
948 ## - LOCAL PROCESSING INFORMATION (OCLC); SERIES PART DESIGNATOR (RLIN)
c (OCLC) 04/03/1997
Holdings
Withdrawn status Lost status Source of classification or shelving scheme Damaged status Not for loan Home library Current library Shelving location Date acquired Total Checkouts Full call number Barcode Date last seen Date last checked out Copy number Price effective from Koha item type
    Dewey Decimal Classification     London London Folio 19/08/1991 3 F332.6324091 30000974 06/08/2019 27/02/2006 1 06/08/2019 Book
    Dewey Decimal Classification     London London RICS Boxes 09/02/2006   ISVA/12 30071629 06/08/2019   1 06/08/2019 Reference material